00414nam a2200169 a 450000100060000000300090000600800410001502000150005604000280007108200100009910000190010924500150012826000310014330000110017449000240018565000350020916255CO-ViMGA141112s2004 ck r 000 u spa d a9580462623 aCO-ViMGAbspacCO-ViMGA04aBOJam1 aBojunga, Lygia10aLos amigos aBogotá : bNorma, c2001 a139.p. aTorre de papel azul14aCUENTOS JUVENILES BRASILEÑOS